000 00577nam a2200205 a 4500
001 47938
003 BD-RjUL
005 20211209054428.0
008 160811m19611951enk b 001 0 eng d
035 _a(BD-RjUL)48057
040 _aBD-RjUL
_beng
_cBD-RjUL
_dBD-RjUL
041 _aeng
082 _223
_a100
_bEWF 1961
100 1 _aEwing, A. C.
_9145473
245 1 4 _aThe fundamental questions of philosophy /
_cA.C. Ewing
260 _aLondon :
_bRoutledge & Kegan Paul,
_c1951, [5th Impression 1961]
300 _a260 p. ;
_c23 cm.
650 _2Philosophy
942 _2ddc
_cBK
999 _c47938
_d47938